书目信息 |
| 题名: |
小磨香油生产工艺
|
|
| 作者: | 洪庆慈 , 宁乃庄 编著 | |
| 分册: | ||
| 出版信息: | 北京 中国食品出版社 1989.7 |
|
| 页数: | 183页 | |
| 开本: | 19厘米 | |
| 丛书名: | 食品企业实用技术丛书 | |
| 单 册: | ||
| 中图分类: | TS225 | |
| 科图分类: | ||
| 主题词: | 植物油水代制取法 | |
| 电子资源: | ||
| ISBN: | 978-7-80044-243-8 | |
| 000 | 00754cam2 2200253 450 | |
| 001 | 0100279701 | |
| 005 | 20060519143628.0 | |
| 010 | @a978-7-80044-243-8@dCNY2.30 | |
| 100 | @a19910304d1989 m y0chiy0110 ea | |
| 101 | 0 | @achi |
| 102 | @aCN@b110000 | |
| 105 | @ay z 000yy | |
| 106 | @ar | |
| 200 | 1 | @a小磨香油生产工艺@9Xiao Mo Xiang You Sheng Chan Gong Yi @f洪庆慈,宁乃庄编著@b专著 |
| 210 | @a北京@c中国食品出版社@d1989.7 | |
| 215 | @a183页@d19厘米 | |
| 225 | 2 | @a食品企业实用技术丛书 |
| 410 | 0 | @12001 @a食品企业实用技术丛书 |
| 606 | 0 | @a植物油水代制取法 |
| 690 | @aTS225@v1980 | |
| 701 | 0 | @a洪庆慈@9hong qing ci@4编著 |
| 701 | 0 | @a宁乃庄@9ning nai zhuang@4编著 |
| 801 | 0 | @aCN@bAiZhiMarc@c19910304 |
| 905 | @aBZT@dTS225@e1@f2@sTS225/1 | |
| 小磨香油生产工艺/洪庆慈,宁乃庄编著.-北京:中国食品出版社,1989.7 |
| 183页;19厘米.-(食品企业实用技术丛书) |
| ISBN 978-7-80044-243-8:CNY2.30 |
| ● |
| 相关链接 |
|
|
|
正题名:小磨香油生产工艺
索取号:TS225/1
 
预约/预借
| 序号 | 登录号 | 条形码 | 馆藏地/架位号 | 状态 | 备注 |
| 1 | 2000113198 | 2000113198 | 旧书回溯/ [索取号:TS225/1] | 在馆 | |
| 2 | 2000113199 | 2000113199 | 旧书回溯/ [索取号:TS225/1] | 在馆 |